Catálogo público

Reporte técnico de la investigación sobre comportamiento en refrigeración de cuatro variedades de manzana de Zacatlán, Puebla / (Record no. 173405)

MARC details
000 -CABECERA
campo de control de longitud fija 01255nam a2200313Ia 4500
001 - NÚMERO DE CONTROL
campo de control dia_2906
003 - IDENTIFICADOR DEL NÚMERO DE CONTROL
campo de control CHAP
005 - FECHA Y HORA DE LA ÚLTIMA TRANSACCIÓN
campo de control 20230516140852.0
008 - DATOS DE LONGITUD FIJA--INFORMACIÓN GENERAL
campo de control de longitud fija 220117s1969 xx 000 0 und d
010 ## - NÚMERO DE CONTROL DE LA BIBLIOTECA DEL CONGRESO
Número de control de LC 173405
040 ## - FUENTE DE LA CATALOGACIÓN
Centro/agencia transcriptor CHAP
082 ## - NÚMERO DE LA CLASIFICACIÓN DECIMAL DEWEY
Número de clasificación 664.87248 R47 1969
245 ## - MENCIÓN DE TÍTULO
Título Reporte técnico de la investigación sobre comportamiento en refrigeración de cuatro variedades de manzana de Zacatlán, Puebla /
Mención de responsabilidad, etc. coordinación Francisco Guillén S. ; colaboración Enrique Velarde G., Jorge Castillo M. y Félix Becerra I.
260 ## - PUBLICACIÓN, DISTRIBUCIÓN, ETC.
Lugar de publicación, distribución, etc. México :
Nombre del editor, distribuidor, etc. Escuela Nacional de Agricultura. Departamento de Industrias Agrícolas,
Fecha de publicación, distribución, etc. 1969
300 ## - DESCRIPCIÓN FÍSICA
Extensión 4 v.
590 ## - NOTA LOCAL (RLIN)
Nota local SB360 E87 1969
650 ## - PUNTO DE ACCESO ADICIONAL DE MATERIA--TÉRMINO DE MATERIA
Término de materia o nombre geográfico como elemento de entrada Apples
Subdivisión general Food preservation
9 (RLIN) 153723
650 ## - PUNTO DE ACCESO ADICIONAL DE MATERIA--TÉRMINO DE MATERIA
Término de materia o nombre geográfico como elemento de entrada Apples
Subdivisión general Refrigeration
9 (RLIN) 153724
650 ## - PUNTO DE ACCESO ADICIONAL DE MATERIA--TÉRMINO DE MATERIA
Término de materia o nombre geográfico como elemento de entrada Manzanas
Subdivisión general Preservación de alimentos
9 (RLIN) 153725
650 ## - PUNTO DE ACCESO ADICIONAL DE MATERIA--TÉRMINO DE MATERIA
Término de materia o nombre geográfico como elemento de entrada Manzanas
Subdivisión general Refrigeración
9 (RLIN) 153726
700 ## - PUNTO DE ACCESO ADICIONAL--NOMBRE DE PERSONA
Nombre de persona Becerra I., Félix, colab.
9 (RLIN) 153727
700 ## - PUNTO DE ACCESO ADICIONAL--NOMBRE DE PERSONA
Nombre de persona Castillo M., Jorge, colab.
9 (RLIN) 153728
700 ## - PUNTO DE ACCESO ADICIONAL--NOMBRE DE PERSONA
Nombre de persona Guillén S., Francisco, coord.
9 (RLIN) 153729
700 ## - PUNTO DE ACCESO ADICIONAL--NOMBRE DE PERSONA
Nombre de persona Velarde G., Enrique, colab.
9 (RLIN) 153730
901 ## - ELEMENTOS DE DATOS A LOCAL LDA (RLIN)
a 664.87248 R47 1969
902 ## - ELEMENTOS DE DATOS B LOCAL, LDB (RLIN)
a M
905 ## - ELEMENTOS DE DATOS E LOCAL, LDE (RLIN)
a 5232271969 mx nm 8223123322spa16
942 ## - ELEMENTOS DE PUNTO DE ACCESO ADICIONAL (KOHA)
Tipo de ítem Koha Libro
Fuente del sistema de clasificación o colocación Dewey Decimal Classification
Holdings
Estado de retiro Estado de pérdida Fuente del sistema de clasificación o colocación Estado dañado No para préstamo Código de colección Localización permanente Ubicación/localización actual Fecha de adquisición Información codificada de la localización en otra ubicación Enumeración/cronología de publicación seriada Total de préstamos Signatura topográfica completa Código de barras Fecha visto por última vez Número de copia Precio válido a partir de Tipo de ítem Koha
    Dewey Decimal Classification     General Ingenieria Agroindustrial Ingenieria Agroindustrial 18/01/2022 1 Volumen: 4   664.87248 R47 1969 dia_000590 18/01/2022 1 18/01/2022 Libro
    Dewey Decimal Classification     General Ingenieria Agroindustrial Ingenieria Agroindustrial 18/01/2022 1 Volumen: 1   664.87248 R47 1969 dia_000587 18/01/2022 1 18/01/2022 Libro
    Dewey Decimal Classification     General Ingenieria Agroindustrial Ingenieria Agroindustrial 18/01/2022 1 Volumen: 2   664.87248 R47 1969 dia_000588 18/01/2022 1 18/01/2022 Libro
    Dewey Decimal Classification     General Ingenieria Agroindustrial Ingenieria Agroindustrial 18/01/2022 1 Volumen: 3   664.87248 R47 1969 dia_000589 18/01/2022 1 18/01/2022 Libro